Declining agricultural commodity prices: productivity gain or immiserising growth? (Record no. 39534)

MARC details
000 -LEADER
fixed length control field 00881nam a2200241 a 4500
008 - FIXED-LENGTH DATA ELEMENTS--GENERAL INFORMATION
fixed length control field 130809s2006 ||||||||||||||||| || u
020 ## - INTERNATIONAL STANDARD BOOK NUMBER
International Standard Book Number 9780850928341
050 ## - LIBRARY OF CONGRESS CALL NUMBER
Classification number COMM(08)
100 ## - MAIN ENTRY--PERSONAL NAME
Personal name Fleming, Euan
245 10 - TITLE STATEMENT
Title Declining agricultural commodity prices: productivity gain or immiserising growth?
Statement of responsibility, etc. by Euan Fleming, D. S. Prasada Rao and Pauline Fleming
260 ## - PUBLICATION, DISTRIBUTION, ETC.
Place of publication, distribution, etc. London:
Name of publisher, distributor, etc. Commonwealth Secretariat
Date of publication, distribution, etc. 2006
300 ## - PHYSICAL DESCRIPTION
Extent xiii, 88p.: ill.
362 1# - DATES OF PUBLICATION AND/OR SEQUENTIAL DESIGNATION
Dates of publication and/or sequential designation <p>No. 74, 2006</p>
490 ## - SERIES STATEMENT
Series statement Economic paper
490 ## - SERIES STATEMENT
Volume/sequential designation No. 74
500 ## - GENERAL NOTE
General note Bibliography
650 ## - SUBJECT ADDED ENTRY--TOPICAL TERM
Topical term or geographic name entry element AGRONOMY
650 ## - SUBJECT ADDED ENTRY--TOPICAL TERM
Topical term or geographic name entry element AGRICULTURE--ECONOMIC ASPECTS
700 ## - ADDED ENTRY--PERSONAL NAME
Personal name Fleming, Pauline
700 ## - ADDED ENTRY--PERSONAL NAME
Personal name Rao, D. S. Prasada
710 ## - ADDED ENTRY--CORPORATE NAME
Corporate name or jurisdiction name as entry element The Commonwealth
995 ## - RECOMMENDATION 995 [LOCAL, UNIMARC FRANCE]
-- CBU-MAIN LIBRARY (Kitwe)
-- 1
-- AVAILABLE
-- Nov 6, 2013
-- International Publications
Holdings
Withdrawn status Lost status Source of classification or shelving scheme Damaged status Not for loan Home library Current library Shelving location Date acquired Total Checkouts Full call number Barcode Date last seen Price effective from Koha item type
          CBU-MAIN LIBRARY, KITWE. CBU-MAIN LIBRARY, KITWE.   11/30/2022   COMM(08) 744093 11/30/2022 11/30/2022 MONOGRAPH